| 000 | 00447nam a2200145Ia 4500 | ||
|---|---|---|---|
| 003 | GCL | ||
| 008 | 140319s9999 xx 000 0 ara d | ||
| 040 |
_aGCL / _cGCL |
||
| 082 | 0 | 4 |
_a956.1 _bب ت |
| 100 | 1 | _aاحمد السعيد سليمان | |
| 245 | 1 | 0 |
_aتاريخ الترك فى اسيا الوسطى / _cاحمد السعيد سليمان |
| 700 | 1 | _aبارتولد، و | |
| 300 | _a279 ص | ||
| 490 |
_aالالف كتاب الثانى _v0 |
||
| 999 |
_c49332 _d49332 |
||